[Event "GER-chT U12"]
[Site "Verden"]
[Date "2004.12.27"]
[Round "1.3"]
[White "Hettstedt, Kay"]
[Black "Hasenclever, Leonard"]
[Result "1/2-1/2"]
[WhiteElo "1116"]
[BlackElo "1488"]
[PlyCount "71"]
[EventDate "2004.12.27"]
[EventType "team-swiss"]
[EventRounds "7"]
[EventCountry "GER"]
[SourceTitle "EXT 2006"]
[Source "ChessBase"]
[SourceDate "2005.11.24"]
[SourceVersion "1"]
[SourceVersionDate "2005.11.24"]
[SourceQuality "1"]

1. e4 c5 2. Nf3 d6 3. Bb5+ Bd7 4. Bxd7+ Qxd7 5. 0-0 Nf6 6. Re1 Nc6 7. c4 g6 8. Nc3 Bg7 9. d4 cxd4 10. Nxd4 Ne5 11. b3 0-0 12. f3 Nc6 13. Be3 a6 14. Rc1 Rfc8 15. Qd2 Rab8 16. Red1 Ne5 17. Kh1 Ra8 18. Na4 Qd8 19. c5 dxc5 20. Rxc5 Rxc5 21. Nxc5 Qc7 22. Nd3 Nxd3 23. Qxd3 Rc8 24. Qd2 Qd8 25. Ne2 Qc7 26. Rc1 Qd8 27. Qxd8+ Rxd8 28. h3 b5 29. Nf4 e6 30. a4 bxa4 31. bxa4 Bf8 32. Bc5 Rc8 33. Nd3 Nd7 34. Bxf8 Rxc1+ 35. Nxc1 Kxf8 36. Nd3 1/2-1/2